Das Staatsarchiv in Jelenia Góra - seine Sammlungen und seine elektronisch-digitalen Recherchemöglichkeiten
| Titel: | Das Staatsarchiv in Jelenia Góra - seine Sammlungen und seine elektronisch-digitalen Recherchemöglichkeiten / Anna Borys |
|---|---|
| Verfasser: | |
| In: |
Auf historischer Spurensuche im Bobertal... ; Bd. 3. Seminarband ... der 3. Bobertaltagung 2016, (2018), Seite 1128-1134 alle Artikel anzeigen |
| Veröffentlicht: | 2018 |
| Format: | Aufsatz |
| Sprache: | Deutsch |
X
alg: 48501773 001A $03025:01-09-21 001B $01999:01-09-21 $t22:58:31.000 001D $03025:01-09-21 001U $0utf8 001X $00 002@ $0Aou 002C $aText $btxt $2rdacontent 002D $aohne Hilfsmittel zu benutzen $bn $2rdamedia 002E $aBand $bnc $2rdacarrier 003@ $0485017733 007A $0485017733 $aHEB 010@ $ager 010E $erda 011@ $a2018 021A $aDas @Staatsarchiv in Jelenia Góra - seine Sammlungen und seine elektronisch-digitalen Recherchemöglichkeiten $hAnna Borys 028A $BVerfasser $4aut $8Borys, Anna$Z1954- [Tp3] $9485017644 031A $h1128-1134 $j2018 039B $aEnthalten in $8--Afx--. Auf historischer Spurensuche im Bobertal... ; Bd. 3. Seminarband ... der 3. Bobertaltagung 2016. - Würzburg : Stiftung Kulturwerk Schlesien, 2018. - 811 - 1187 Seiten, [32] ungezählte Seiten. - Illustrationen. - ISBN 978-3-929817-09-6 $x201800000000000872 $9438600185 044K $RHirschberg im Riesengebirge $#Hirschberg im Riesengebirge $#Hirschberg $#Hirschberg in Schlesien $#Jelení Hora $#Hiršberk $#Hornšperk $#Herschbrig $#Herschbrich $715523-8 $8Jelenia Góra [Tg1] $9040264858 044K $8Archiwum Państwowe we Wrocławiu$bOddział w Jeleniej Górze [Tb3] $9485018187 044K $RSuche $RInformation Retrieval $#Research $#Recherche $#Recherche $#Informationsermittlung $#Recherchen $74121560-6 $8Recherche [Ts1] $908539369X 045F $a020.94385 $eDDC23BSB 045F/01 $a020 045F/03 $g4385 045F/03 $g438 lok: 48501773 78 exp: 48501773 78 1 #EPN 201B/01 $001-09-21 $t14:09:27.000 201C/01 $001-09-21 201U/01 $0utf8 203@/01 $01167294262 208@/01 $a01-09-21 $be 209A/01 $a/ $f000 $x00 209A/01 $ab*p $x01 220C/01 $apgar 244Z/01 $#Generalgouvernement Polen $#Polska $#Rzeczpospolita Polska $#Polska Rzeczpospolita Ludowa $#Poland $#Pologne $#République Polonaise $#Generalne Gubernatorstwo w Polsce $#Polish People's Republic $#Polska Rzeczpospolita Polen $#PRL $#RP $#Polen Generalgouvernement $#Polska Generalgouvernement $#Besetzte Polnische Gebiete $#Besetztes Gebiet in Polen $#Okupowane Polskie Obszary $#Obszary Okupowane w Polsce $#Volksrepublik Polen $#Polska Rosyjska $#Republic Polen $#Respublika Pol'ša $#Pol'skaja Narodnaja Respublika $#République de Pologne $#Polen Links der Weichsel $#Polska po Lewej Stronie Wisły $#Lenkija $#Polija $#Gubernija Carstva Pol'skago $#Republik Polen $74046496-9 $8--Tg1--Polen $x01 $9085129801 244Z/01 $#Schlesien $#Schlesien $#Herzogtum Schlesien $#Herzogtum Schlesien Schlesien $#Provinz Schlesien $#Śla̜sk $#Slezsko $#Silesia $74052678-1 $8--Tg1--Schlesien $x02 $9085146781 247C/01 $82080>Marburg/Lahn, Herder-Institut, Forschungsbibliothek, Bibliographieportal $9336309341
| LEADER | 00000caa a2200000 c 4500 | ||
|---|---|---|---|
| 001 | 485017733 | ||
| 003 | DE-603 | ||
| 005 | 20210901225831.0 | ||
| 007 | tu | ||
| 008 | 210901s2018 xx |||| | u00||u|ger c | ||
| 035 | |a (DE-599)HEB485017733 | ||
| 040 | |a DE-603 |b ger |c DE-603 |d DE-603 |e rda | ||
| 041 | |a ger | ||
| 082 | 0 | 4 | |8 1\u |a 020.94385 |q DE-101 |2 23/BSB |
| 085 | |8 1\u |b 020 | ||
| 085 | |8 1\u |z 2 |s 4385 | ||
| 085 | |8 1\u |z 2 |s 438 | ||
| 100 | 1 | |a Borys, Anna |d 1954- |e Verfasser |4 aut |0 (DE-603)485017644 |0 (DE-588)1240341350 |2 gnd | |
| 245 | 0 | 0 | |a Das Staatsarchiv in Jelenia Góra - seine Sammlungen und seine elektronisch-digitalen Recherchemöglichkeiten |c Anna Borys |
| 264 | 0 | |c 2018 | |
| 336 | |a Text |b txt |2 rdacontent | ||
| 337 | |a ohne Hilfsmittel zu benutzen |b n |2 rdamedia | ||
| 338 | |a Band |b nc |2 rdacarrier | ||
| 610 | 1 | 7 | |a Archiwum Państwowe we Wrocławiu |b Oddział w Jeleniej Górze |2 gnd |0 (DE-588)1240342144 |0 (DE-603)485018187 |
| 650 | 7 | |a Recherche |0 (DE-588)4121560-6 |0 (DE-603)08539369X |2 gnd | |
| 651 | 7 | |a Jelenia Góra |0 (DE-588)15523-8 |0 (DE-603)040264858 |2 gnd | |
| 773 | 0 | 8 | |i Enthalten in |t Auf historischer Spurensuche im Bobertal... ; Bd. 3. Seminarband ... der 3. Bobertaltagung 2016 |d Würzburg : Stiftung Kulturwerk Schlesien, 2018 |h 811 - 1187 Seiten, [32] ungezählte Seiten, Illustrationen |z 9783929817096 |g (2018), Seite 1128-1134 |w (DE-603)438600185 |
| 924 | 0 | |9 2080 |a (DE-603)1167294262 |b DE-2080 |c HES |d d |g / | |


